Гранитоидный магматизм юго-западного обрамления Сибирской платформы / (Record no. 296350)
[ view plain ]
| 000 -LEADER | |
|---|---|
| fixed length control field | 01012nam a2200241 u 4500 |
| 001 - CONTROL NUMBER | |
| control field | 000820132 |
| 003 - CONTROL NUMBER IDENTIFIER | |
| control field | AM-YeHGA |
| 005 - DATE AND TIME OF LATEST TRANSACTION | |
| control field | 20250617144546.0 |
| 008 - FIXED-LENGTH DATA ELEMENTS--GENERAL INFORMATION | |
| fixed length control field | 110628s1984 ru r 000 0 rus d |
| 040 ## - CATALOGING SOURCE | |
| Original cataloging agency | AM-YeHGA |
| 041 0# - LANGUAGE CODE | |
| Language code of text/sound track or separate title | rus |
| 090 ## - LOCALLY ASSIGNED LC-TYPE CALL NUMBER (OCLC); LOCAL CALL NUMBER (RLIN) | |
| -- | 298042 |
| 100 1# - MAIN ENTRY--PERSONAL NAME | |
| Personal name | Даценко, Владимир Макарович |
| 245 10 - TITLE STATEMENT | |
| Title | Гранитоидный магматизм юго-западного обрамления Сибирской платформы / |
| Statement of responsibility, etc. | В.М. Даценко; Отв. ред.: Н.Н. Амшинский; АН СССР. |
| 260 ## - PUBLICATION, DISTRIBUTION, ETC. | |
| Place of publication, distribution, etc. | Новосибирск : |
| Name of publisher, distributor, etc. | Наука. Сиб. отд-ние, |
| Date of publication, distribution, etc. | 1984. |
| 300 ## - PHYSICAL DESCRIPTION | |
| Extent | 120 с., 8 л. ил. : |
| Other physical details | ил. ; |
| Dimensions | 21 см. |
| 504 ## - BIBLIOGRAPHY, ETC. NOTE | |
| Bibliography, etc. note | Библиогр.: с. 113-119 |
| 653 0# - INDEX TERM--UNCONTROLLED | |
| Uncontrolled term | Гранитоиды - Енисейский кряж |
| 653 0# - INDEX TERM--UNCONTROLLED | |
| Uncontrolled term | Гранитоиды - Восточный Саян, хр. |
| 700 1# - ADDED ENTRY--PERSONAL NAME | |
| Personal name | Амшинский, Н.Н. |
| Relator term | ред. |
| Relationship | edt |
| 710 2# - ADDED ENTRY--CORPORATE NAME | |
| Corporate name or jurisdiction name as entry element | Академия наук СССР |
| 942 ## - ADDED ENTRY ELEMENTS (KOHA) | |
| Source of classification or shelving scheme | Universal Decimal Classification |
| Koha item type | Գրքեր / Books |
| Withdrawn status | Lost status | Damaged status | Not for loan | Collection | Home library | Current library | Date acquired | Total checkouts | Full call number | Barcode | Date last seen | Price effective from | Koha item type | Public note | Source of classification or shelving scheme |
|---|---|---|---|---|---|---|---|---|---|---|---|---|---|---|---|
| General | Fundamental Scientific Library | Fundamental Scientific Library | 29/12/2016 | PII/519761 | FL0198375 | 29/12/2016 | 29/12/2016 | Գրքեր / Books | 30 Days Loan | ||||||
| General | Fundamental Scientific Library | Fundamental Scientific Library | 21/12/2016 | PII/522319 | FL0185975 | 29/06/2022 | 21/12/2016 | Գրքեր / Books | 30 Days Loan | Universal Decimal Classification |
ՀՀ Գիտությունների ազգային ակադեմիայի հիմնարար գիտական գրադարան = Fundamental Scientific Library of NAS RA
All site content, except where otherwise noted, is licensed under a